000 00335nam a2200145 a 4500
008 990526s1974||||xx 0 und c
040 _aSNK
_bslo
_cSNK
_eAACR2
100 1 _aDumas, Alexander
245 1 0 _aSalvator 2 diel
260 _aBratislava
_bSmena
_c1974
300 _a548 s.
044 _axo
_cSK
041 _aslo
020 _c37
999 _c10364
_d10364